Herakleides : a portrait mummy from Roman Egypt /

محفوظ في:

المؤلف الرئيسي: Corcoran, Lorelei Hilda, 1953- (مؤلف)

مؤلفون آخرون: Svoboda, Marie., Walton, Marc Sebastian, 1973-

التنسيق: كتاب

اللغة: English

منشور في: Los Angeles : J. Paul Getty Museum, c2010.

الموضوعات:

الوسوم: إضافة وسم

لا توجد وسوم, كن أول من يضع وسما على هذه التسجيلة!

رقم الطلب: DT62 .M7 C67 2010

LEADER 01267namaa2200301 4500
001 19825
003 OSt
005 20250625112344.0
008 130303s2010 cauab g b 001 0 eng d
010 |a 2010025667 
020 |a 9781606060360 
040 |c ARCE Library 
043 |a f-ua--- 
050 4 |a DT62 .M7 C67 2010 
100 1 |a Corcoran, Lorelei Hilda,  |d 1953-  |e author  |9 28313 
245 1 0 |a Herakleides :   |b a portrait mummy from Roman Egypt /   |c Lorelei H. Corcoran and Marie Svoboda ; with an appendix by Marc Walton. 
264 1 |a Los Angeles :   |b J. Paul Getty Museum,   |c c2010. 
300 |a 112 pages :   |b illustrations (chiefly color), color map ;   |c 24 cm. 
504 |a Includes bibliographical references and index. 
505 0 |a Mummy portraits and portrait mummies -- Description of the mummy of Herakleides -- The portrait of Herakleides -- Physical properties analyses -- Imaging Herakleides -- Dating the mummy of Herakleides -- Herakleides and Romano-Egyptian mummies. 
600 0 0 |a Herakleides,  |d active 2nd century.  |9 31934 
650 0 |a Mummies  |z Egypt. 
650 0 |a Mummy portraits  |z Egypt. 
700 1 |a Svoboda, Marie.  |9 40726 
700 1 |a Walton, Marc Sebastian,  |d 1973-  |9 41875 
901 |a reviewed 
942 |c BK  |2 lcc 
999 |c 19193  |d 19193